| 000 | 00586nam a2200217Ia 4500 | ||
|---|---|---|---|
| 008 | 191130s2006##################000#0#eng## | ||
| 020 | _a9780340838952 | ||
| 040 |
_aACL _cACL |
||
| 082 | _a381.17092 SER | ||
| 100 | _aSerrell, Philip | ||
| 245 |
_aAuctioneer's lot _cPhilip Serrell |
||
| 250 | _a1st ed | ||
| 260 |
_aLondon _bHodder Paperbacks _c2006 |
||
| 300 | _a310 p | ||
| 500 | _aInclude Index | ||
| 650 | _aAntique dealers - Great Britain - Biography | ||
| 650 | _aSerrell, Philip | ||
| 990 | _a3079c0f5ac10000c77879bde8eddf16f | ||
| 991 | _a402743 | ||
| 999 |
_c375532 _d375532 |
||